Europe by Images - 'C' - Statistics

General Stats
  • This quiz has been taken 56 times
  • The average score is 7 of 16
Answer Stats
Picture Hint Answer % Correct
Capital City Copenhagen
98%
Former President Charles de Gaulle
78%
Lake Como
71%
Island Crete
71%
Country Czech Republic
71%
Capital City Chisinau
53%
Landmark Charles Bridge
47%
Emperor Caligula
45%
Food Creme Brulee
45%
Mountain Range Carpathian
43%
Actor Christoph Waltz
33%
Archipelago Canary Islands
27%
Region Champagne
24%
City Cagliari
10%
River Clyde
8%
Palace Christiansborg
2%
No matching quizzes found
Score Distribution
Percent of People with Each Score
Percentile by Number Answered
Your Score History
You have not taken this quiz